Sistemas de energía renovable en países tropicales
Gorde:
| Egile nagusia: | |
|---|---|
| Formatua: | Liburua |
| Argitaratua: |
[San José, Costa Rica]
2010
|
| Gaiak: | |
| Etiketak: |
Etiketa erantsi
Etiketarik gabe, Izan zaitez lehena erregistro honi etiketa jartzen!
|
MARC
| LEADER | 00000nam a2200000Ia 4500 | ||
|---|---|---|---|
| 003 | 010449 | ||
| 005 | 20221231144029.0 | ||
| 008 | 140114s2010 cr a 000 ||s d | ||
| 040 | |c cru CEDI | ||
| 090 | |a TFG 6332 | ||
| 100 | |a Morales Hernandez, Alberto |9 2650 | ||
| 245 | |a Sistemas de energía renovable en países tropicales | ||
| 260 | |a [San José, Costa Rica] |c 2010 | ||
| 500 | |a Proyecto (bachillerato en ingeniería eléctrica)--Universidad de Costa Rica. Escuela de Ingeniería Eléctrica | ||
| 648 | |x RECURSOS ENERGETICOS RENOVABLES |x PAISES TROPICALES |x ENERGIA ELECTRICA |9 2651 | ||
| 650 | |z ENERGIA SOLAR |9 2652 | ||
| 942 | |c TFG | ||
| 999 | |c 15873 |d 15873 | ||
